Ibileesukalude naattil/ (Record no. 18909)

000 -LEADER
fixed length control field 00395nam a22001451a 4500
082 ## - DEWEY DECIMAL CLASSIFICATION NUMBER
Classification number M2
Item number CHE/I
100 ## - MAIN ENTRY--AUTHOR NAME
Personal name Chellappan Nair N P
245 ## - TITLE STATEMENT
Title Ibileesukalude naattil/
Statement of responsibility, etc by Chellappan Nair N P
260 ## - PUBLICATION, DISTRIBUTION, ETC. (IMPRINT)
Place of publication Kottayam|:
Name of publisher Sahitya Pravartaka Co-operative Society,
Year of publication 1993.
300 ## - PHYSICAL DESCRIPTION
Number of Pages 136p.
650 ## - SUBJECT ADDED ENTRY--TOPICAL TERM
Topical Term Drama Malayalam
650 ## - SUBJECT ADDED ENTRY--TOPICAL TERM
Topical Term Literature Malayalam
650 ## - SUBJECT ADDED ENTRY--TOPICAL TERM
Topical Term Literature
942 ## - ADDED ENTRY ELEMENTS (KOHA)
Koha item type Book
Holdings
Withdrawn status Lost status Damaged status Not for loan Permanent Location Current Location Date acquired Cost, normal purchase price Full call number Accession Number Cost, replacement price Price effective from Koha item type
Write off   Damaged 1 Sree Sankaracharya University of Sanskrit Sree Sankaracharya University of Sanskrit 08.01.2015 25.00 M2 CHE/I 013794 0.00 08.01.2015 Book
        Sree Sankaracharya University of Sanskrit Sree Sankaracharya University of Sanskrit 08.01.2015 80.00 M2 CHE/I 065459 0.00 08.01.2015 Book
        Sree Sankaracharya University of Sanskrit Sree Sankaracharya University of Sanskrit 08.01.2015 80.00 M2 CHE/I 065460 0.00 08.01.2015 Book